00865nam a22002175a 4500003000900000005001700009008004100026020001800067040002800085245011900113250008400232260003400316300002500350650004500375650004000420650004800460650003400508700003700542700003300579700003500612CO-ViMGA20230915233135.0150723s2015 ck g 000 f|spa d a9789589621868 aCO-ViMGAbspacCO-ViMGA10aAmerican noir cJ. M. Cain ...[y otros] ; edicion de James Ellroy y Otto Penzler ; traduccion de Enrique de Heriz aEdicion especial para El Ministerio de Cultura, Biblioteca Nacional de Colombia aBogotabEdiciones Uranoc2015 a331 pg̀inas c24 cm142LEMBaCuentos estadounidensesySiglo XX 142LEMBaCuentos polica̕cosySiglo XX142LEMBaLiteratura estadounidense ySiglo XX 142LEMBaMuerte en la literatura10aCain, James Mallahand1892-1977 10aEllroy, Jamesd1948-eeditor10aHřiz, Enrique deetraductor